<?xml version="1.0" encoding="UTF-8"?>
<record
    xmlns:xsi="http://www.w3.org/2001/XMLSchema-instance"
    xsi:schemaLocation="http://www.loc.gov/MARC21/slim http://www.loc.gov/standards/marcxml/schema/MARC21slim.xsd"
    xmlns="http://www.loc.gov/MARC21/slim">

  <leader>01986nam a2200265 a 4500</leader>
  <controlfield tag="005">20241104091224.0</controlfield>
  <controlfield tag="008">100623e2013||||ag     g |||| 001 0dspa d</controlfield>
  <datafield tag="020" ind1=" " ind2=" ">
    <subfield code="a">9789871421664</subfield>
  </datafield>
  <datafield tag="041" ind1=" " ind2=" ">
    <subfield code="a">spa</subfield>
  </datafield>
  <datafield tag="092" ind1=" " ind2=" ">
    <subfield code="c">301</subfield>
    <subfield code="l">77</subfield>
    <subfield code="s">SAR</subfield>
  </datafield>
  <datafield tag="100" ind1="1" ind2=" ">
    <subfield code="a">Sartelli, Eduardo</subfield>
    <subfield code="9">4085</subfield>
  </datafield>
  <datafield tag="245" ind1="3" ind2=" ">
    <subfield code="a">La cajita infeliz.</subfield>
    <subfield code="b">Un viaje marxista a trav&#xE9;s del capitalismo / </subfield>
    <subfield code="c">Eduardo Sartelli</subfield>
  </datafield>
  <datafield tag="250" ind1=" " ind2=" ">
    <subfield code="a">4a ed.</subfield>
    <subfield code="b">Pr&#xF3;logo Ernesto Bayer</subfield>
  </datafield>
  <datafield tag="260" ind1=" " ind2=" ">
    <subfield code="a">Buenos Aires: </subfield>
    <subfield code="b">RyR;</subfield>
    <subfield code="c">2013.</subfield>
  </datafield>
  <datafield tag="300" ind1=" " ind2=" ">
    <subfield code="a">751 p.</subfield>
    <subfield code="c">21x15 cm.</subfield>
  </datafield>
  <datafield tag="500" ind1=" " ind2=" ">
    <subfield code="a">Sartelli, E. (2013). La cajita infeliz. (3a ed.). Buenos Aires : RyR.</subfield>
  </datafield>
  <datafield tag="505" ind1=" " ind2=" ">
    <subfield code="a">El libro comienza con la historia de este mundo capitalista y la califica como "una novela de vampiros" y no se equivoca. Todos hemos tenido hace poco un verdadero vampiro que hablaba medio as&#xED; como riojano...Leo una frase: "En las sombras, ocult&#xE1;ndose, existe el poder que mantiene con vida a este sistema". Y tiene raz&#xF3;n. Se&#xF1;ala que intentar comprenderlo es un viaje a lo m&#xE1;s oscuro de la sociedad, y es cierto. Es la descripci&#xF3;n de este sistema que nos domina con desocupados, con ni&#xF1;os con hambre. Hambre en este pa&#xED;s maravilloso con las espigas de oro, como dec&#xED;a Rub&#xE9;n Dar&#xED;o. "Nos acercamos al mundo en perpetua conmoci&#xF3;n del capitalismo, de las turbulencias permanentes, donde todo se desvanece en el aire, la acumulaci&#xF3;n y las crisis", escribe Sartelli en el cap&#xED;tulo en que el viaje que nos proponemos toda fondo. Buena definici&#xF3;n. Irrebatible. La cajita se propone terminar con los mitos de todos los d&#xED;as. "Por detr&#xE1;s de las leyes, de la estructura jur&#xED;dica de la realidad, se extiende la estructura del poder verdadero, del poder econ&#xF3;mico y militar, del poder mafioso".</subfield>
  </datafield>
  <datafield tag="590" ind1=" " ind2=" ">
    <subfield code="a">Donaci&#xF3;n Torrens, Paula. Septiembre 2019</subfield>
  </datafield>
  <datafield tag="653" ind1="4" ind2=" ">
    <subfield code="a">Los diez mil</subfield>
  </datafield>
  <datafield tag="653" ind1="7" ind2=" ">
    <subfield code="a">Por un socialismo libertario</subfield>
  </datafield>
  <datafield tag="653" ind1=" " ind2=" ">
    <subfield code="a">Anarquistas, hamburguesas y vampiros</subfield>
  </datafield>
  <datafield tag="653" ind1=" " ind2=" ">
    <subfield code="a">Hacia abajo: la econom&#xED;a</subfield>
  </datafield>
  <datafield tag="653" ind1=" " ind2=" ">
    <subfield code="a">Hacia arriba: las superestructuras</subfield>
  </datafield>
  <datafield tag="942" ind1=" " ind2=" ">
    <subfield code="2">ddc</subfield>
    <subfield code="c">BK</subfield>
  </datafield>
  <datafield tag="999" ind1=" " ind2=" ">
    <subfield code="c">3029</subfield>
    <subfield code="d">3029</subfield>
  </datafield>
  <datafield tag="952" ind1=" " ind2=" ">
    <subfield code="0">0</subfield>
    <subfield code="1">0</subfield>
    <subfield code="2">ddc</subfield>
    <subfield code="4">0</subfield>
    <subfield code="7">0</subfield>
    <subfield code="a">BFM</subfield>
    <subfield code="b">BFM</subfield>
    <subfield code="c">CR</subfield>
    <subfield code="d">2019-09-03</subfield>
    <subfield code="e">Donaci&#xF3;n Torrens, Paula. Agosto 2019</subfield>
    <subfield code="l">0</subfield>
    <subfield code="o">306 77 SAR</subfield>
    <subfield code="p">4561</subfield>
    <subfield code="r">2019-09-03</subfield>
    <subfield code="t">Ej.1  </subfield>
    <subfield code="w">2019-09-03</subfield>
    <subfield code="y">LIT</subfield>
    <subfield code="z">Proyecto 4to libro Donaci&#xF3;n Torrens, Paula. Agosto 2019</subfield>
  </datafield>
</record>
